Blue ribbon science fair projects /

Readers learn about the organization and development of school science projects from their beginnings as vague concepts, to the experiment and testing stages, and finally to completion and display.

Bibliographic Details
Main Author: Iritz, Maxine Haren
Format: Book
Language:English
Published: Blue Ridge Summit, PA : Tab Books, [1991]
Edition:1st ed.
Subjects:

MARC

Tag First Indicator Second Indicator Subfields
LEADER 00000cam a2200000 a 4500
001 in00001038136
005 20150928150941.0
008 901105s1991 paua j b 001 0 eng
010 |a  90024055  
020 |a 0830676155 (hard) :  |c $16.95 
020 |a 0830636153 (pbk.) :  |c $9.70 
035 |a (OCoLC)22766277 
035 |9 AFH0164AM 
040 |a DLC  |c DLC  |d TXA  |d UtOrBLW 
049 |a TXAM 
050 0 0 |a Q182.3  |b .I75 1991 
082 0 0 |a 507.8  |2 20 
100 1 |a Iritz, Maxine Haren. 
245 1 0 |a Blue ribbon science fair projects /  |c Maxine Haren Iritz. 
250 |a 1st ed. 
264 1 |a Blue Ridge Summit, PA :  |b Tab Books,  |c [1991] 
264 4 |c ©1991 
300 |a viii, 120 pages :  |b illustrations . ;  |c 25 cm. 
336 |a text  |b txt  |2 rdacontent 
337 |a unmediated  |b n  |2 rdamedia 
338 |a volume  |b nc  |2 rdacarrier 
520 |a Readers learn about the organization and development of school science projects from their beginnings as vague concepts, to the experiment and testing stages, and finally to completion and display. 
504 |a Includes bibliographical references (pages 115-117) and index. 
650 0 |a Science projects  |v Juvenile literature. 
650 1 |a Science projects. 
999 |a MARS 
999 f f |s 4b33b57a-0af3-36fd-8b2e-e379de9765c4  |i b5bfb3e6-39f6-3ff8-b4ff-9144a1761e36  |t 0 
952 f f |p ric  |a Texas A&M University  |b Rellis Campus  |c Joint Library Facility  |d Remote Storage  |t 0  |e Q182.3 .I75 1991  |h Library of Congress classification  |i unmediated -- volume  |m A14815378318 
998 f f |a Q182.3 .I75 1991  |t 0  |l Remote Storage